Tư duy chiến lược = Strategic thinking /
Enregistré dans:
| Auteur principal: | |
|---|---|
| Autres auteurs: | , , |
| Format: | Sách giấy |
| Langue: | Vietnamese English |
| Publié: |
Tp. Hồ Chí Minh :
Tổng hợp,
2005.
|
| Collection: | Cẩm nang quản lý
|
| Sujets: | |
| Tags: |
Ajouter un tag
Pas de tags, Soyez le premier à ajouter un tag!
|
| Thư viện lưu trữ: | Thư viện Trường Đại học Đà Lạt |
|---|
| LEADER | 01053nam a2200349 4500 | ||
|---|---|---|---|
| 001 | DLU120133189 | ||
| 005 | ##20120403 | ||
| 040 | # | # | |a DLU |b vie |
| 041 | # | # | |a vie |h eng |
| 044 | # | # | |a vn |
| 082 | # | # | |a 658.401 2 |b BR-A |
| 100 | # | # | |a Bruce, Andy. |
| 245 | # | # | |a Tư duy chiến lược = |b Strategic thinking / |c Andy Bruce, Ken Langdon; Lê Ngọc Phương Anh tổng hợp và biên dịch; Nguyễn Văn Quì hiệu đính. |
| 246 | # | # | |a Strategic thinking |
| 260 | # | # | |a Tp. Hồ Chí Minh : |b Tổng hợp, |c 2005. |
| 300 | # | # | |a 69 tr. : |b minh hoạ màu ; |c 24 cm. |
| 490 | # | # | |a Cẩm nang quản lý |
| 650 | # | # | |a Lập kế hoạch chiến lược. |
| 700 | # | # | |a Lê Ngọc Phương Anh, |e tổng hợp và biên dịch. |
| 700 | # | # | |a Langdon, Ken. |
| 700 | # | # | |a Nguyễn Văn Quì, |e hiệu đính. |
| 923 | # | # | |a 01/2012SP |
| 991 | # | # | |a SH |
| 992 | # | # | |a 24000 |
| 994 | # | # | |a KSP |
| 900 | # | # | |a True |
| 911 | # | # | |a Nguyễn Thanh Hương |
| 925 | # | # | |a G |
| 926 | # | # | |a A |
| 927 | # | # | |a SH |
| 980 | # | # | |a Thư viện Trường Đại học Đà Lạt |